MARC

LEADER 00000nam0a2200000 4500
001 331854
005 20231102004410.0
035 |a (RuTPU)RU\TPU\book\357714 
090 |a 331854 
100 |a 20170505d1974 k y0rusy50 ca 
101 0 |a rus 
102 |a UA 
105 |a a z 001zy 
200 1 |a Воздушное охлаждение деталей газовых турбин  |f И. Т. Швец, Е. П. Дыбан  |g Академия наук Украинской ССР (АН УССР) 
210 |a Киев  |c Наукова думка  |d 1974 
215 |a 487 с.  |c ил. 
225 1 |a Наука и технический прогресс 
320 |a Библиогр.: с. 462-484 
606 1 |a Газовые турбины  |x Охлаждение воздушное  |2 stltpush  |3 (RuTPU)RU\TPU\subj\4772  |9 32993 
610 1 |a детали 
610 1 |a аэродинамика 
610 1 |a теплообмен 
610 1 |a расчет 
610 1 |a газ 
610 1 |a температура 
610 1 |a воздух 
610 1 |a роторы 
610 1 |a статоры 
610 1 |a поверхности 
610 1 |a расчеты 
610 1 |a тепловые характеристики 
610 1 |a гидравлические характеристики 
675 |a 621.438-7  |v 4 
700 1 |a Швец  |b И. Т.  |g Иван Трофимович 
701 1 |a Дыбан  |b Е. П.  |g Евгений Павлович 
712 0 2 |a Академия наук Украинской ССР (АН УССР)  |c (1936-1991)  |2 stltpush  |3 (RuTPU)RU\TPU\col\332 
801 1 |a RU  |b 63413507  |c 20170505 
801 2 |a RU  |b 63413507  |c 20170511  |g RCR 
942 |c BK